Jedes Land, welches "Land" im Namen hat - Statistiken

Allgemein
  • Dieses Quiz wurde 2.215 mal gespielt
    2.136 seit der letzten Aktualisierung
  • Das Durchschnittsergebnis liegt bei 8 aus 11
Antwortstatistiken
Antwort % Korrekt
Deutschland
98%
Russland
87%
Finnland
85%
Estland
82%
Lettland
82%
Irland
77%
Island
76%
Griechenland
73%
Niederlande
66%
Neuseeland
58%
Thailand
54%
Keine übereinstimmenden Quizze gefunden
Verteilung der Resultate
Anzahl Personen mit jedem Resultat
Perzentil nach korrekt beantworteten Fragen
Ihre Resultats-Entwicklung
Sie haben dieses Quiz seit der letzten Aktualisierung nicht gespielt